| 000 | 00585nam a2200205 u 4500 | ||
|---|---|---|---|
| 005 | 20240228063651.0 | ||
| 008 | 140901s2007 r 000 0 eng d | ||
| 020 | _a8423684997 | ||
| 035 | _aUPN01000199239 | ||
| 049 | _aI | ||
| 050 | 4 |
_aQ163 _bR6.3 |
|
| 100 | 1 |
_aRoca, Núria _933248 |
|
| 245 | 1 | 4 |
_aLos 4 elementos / _cNúria Roca ; il. Rosa M. Curto. |
| 260 |
_aBarcelona, Esp. : _bEdebé, _c2007. |
||
| 300 |
_a35 p. : _bil. col. |
||
| 650 | 2 |
_aCiencia _vLiteratura infantil _911354 |
|
| 650 | 4 |
_aLiteratura infantil española _95892 |
|
| 905 | _aInfantil | ||
| 999 |
_c171340 _d171340 |
||